00322 a2200145 450000100060000002000150000604000240002110000220004524000280006724500230009530000070011836200090012544000110013465000310014569585 a8526006576 cAnchieta - Itaigara aColasanti, Marina10aOfélia, a ovelhalpor10aOfélia, a ovelha a160 a2003 1aGlobal 4aLiteratura infanto-juvenil